00673nam a2200241Ia 450000500170000000800460001702000180006303700100008104000080009104000080009904000080010704100080011504100080012308400080013110000190013924500650015826000100022326000090023385600670024294200100030999900210031995200910034020260121114054.0008 260114s9999 xx 000 0 eng d a9781118761946 aEBOOK aCRL beng cCRL 2eng aeng qCRL aStrome9970521 0aHealthcare Analytics for Quality and Performance Improvement bWiley c2013 uhttps://onlinelibrary.wiley.com/doi/book/10.1002/9781118761946 cEBOOK c1549775d1549775 00104070aCRLbCRLd2026-01-21l0pCL1683914r2026-01-21 11:40:54w2026-01-21yEBOOK